• 首页
  • 本馆介绍
  • 公告通知
  • 最新文献
  • 馆藏检索
  • 电子资源
  • 读者导购
  • 参考咨询
  • 我的图书馆
  • 登录
  • 详细信息显示
  • 放入我的书架
  • 预约/预借图书
  • 作者相关作品
  • 分类相关作品
  • 丛书相关作品
  • 出版社相关作品

书目信息

  • 表格格式
  • 工作单格式
  • 卡片格式
题名:
日本史随笔
    
 
作者: 王新生 著
分册:  
出版信息: 南京   江苏人民出版社  2023.10
页数: 343页
开本: 21cm
丛书名: 思库文丛
单 册:
中图分类: K313.07
科图分类:
主题词: 日本
电子资源:
ISBN: 978-7-214-28151-7
000 01018nam0 2200289 450
001 0100084447
005 20250617163948.88
010    @a978-7-214-28151-7@b精装@dCNY68.00
049    @aO330106ZGC@bUCS01012170106@c012170106
100    @a20231110d2023 em y0chiy50 ea
101 0  @achi
102    @aCN@b320000
105    @aab z 000yy
106    @ar
200 1  @a日本史随笔@9ri ben shi sui bi@b专著@f王新生著
205    @a修订版
210    @a南京@c江苏人民出版社@d2023.10
215    @a343页@c图,地图@d21cm
225 1  @a思库文丛@i学术馆
300    @a凤凰传媒 思库
330    @a本书以古代篇、近代篇、战后篇,揭开了日本历史面纱,书中论及日本的起源、众多重要的历史事件及热门人物,诸如绳文时代与弥生时代的考古成果,日本泡沫经济的来龙去脉,日本方便面和卡拉OK的故事等。
606    @a日本
607    @a日本@x历史@j文集
690    @aK313.07@v5
701  0 @a王新生@9wang xin sheng@4著
801  0 @aCN@b人天书店@c20250616
905    @b1624750-4@b216247513@b216247522@b216247531@b216247540@dK313.07@e117=2@f5
    
    日本史随笔/王新生著.-修订版.-南京:江苏人民出版社,2023.10
    343页:图,地图;21cm.-(思库文丛.学术馆)
    凤凰传媒 思库
    
    ISBN 978-7-214-28151-7(精装):CNY68.00
    本书以古代篇、近代篇、战后篇,揭开了日本历史面纱,书中论及日本的起源、众多重要的历史事件及热门人物,诸如绳文时代与弥生时代的考古成果,日本泡沫经济的来龙去脉,日本方便面和卡拉OK的故事等。
●
相关链接 在E读中查询图书 在五车中查询图书 在当当中查询图书 在豆瓣中查询图书


正题名:日本史随笔     索取号:K313.07/117=2         预约/预借

序号 登录号 条形码 馆藏地/架位号 状态 备注
1 1624750   216247504   第二样本阅览室/ [索取号:K313.07/117=2] 在馆    
2 1624751   216247513   第二借阅区/ [索取号:K313.07/117=2] 在馆    
3 1624752   216247522   第二借阅区/ [索取号:K313.07/117=2] 在馆    
4 1624753   216247531   第二借阅区/ [索取号:K313.07/117=2] 在馆    
5 1624754   216247540   第二借阅区/ [索取号:K313.07/117=2] 在馆    
唐山师范学院图书馆 欢迎您!
大连网信软件有限公司© 版权所有